| 000 | 00699nam a22001937a 4500 | ||
|---|---|---|---|
| 005 | 20210325185701.0 | ||
| 008 | s2522 th tha d | ||
| 041 | _atha | ||
| 090 | _aอศ บ648ม 2522 | ||
| 245 | 1 | 0 | _aมงคลภาษิต และปราภวภาษิต |
| 260 | 3 |
_aกรุงเทพฯ : _bโรงพิมพ์พระจันทร์, _c2522 |
|
| 300 |
_a114 หน้า : _b ภาพประกอบ ; _c 23 ซม. |
||
| 650 | 0 | 4 | _aบุรี กิติสิน -- ประวัติ |
| 650 | 0 | 4 | _aมงคลภาษิต |
| 850 | _aNALT | ||
| 942 | _cCRE | ||
| 997 | _c000000000023596 | ||
| 998 | _aSAIPHON DEENGAM | ||
| 999 |
_c23596 _d23596 |
||